G75-兰海高速公路途径行政区 - Statistics

General Stats
  • This quiz has been taken 14 times
  • The average score is 14 of 20
Answer Stats
Answer % Correct
兰州
100%
定西
100%
陇南
92%
陇南
92%
广元
92%
南充
92%
甘南州
85%
广安
69%
重庆
69%
遵义
69%
贵阳
62%
黔南州
62%
黔东南州
62%
海口
62%
湛江
54%
黔南州
46%
河池
46%
南宁
46%
北海
46%
钦州
38%
No matching quizzes found
Score Distribution
Percent of People with Each Score
Percentile by Number Answered
Your Score History
You have not taken this quiz